Instituciones de derecho mercantil
Gardado en:
| Autor Principal: | |
|---|---|
| Formato: | Libro |
| Idioma: | Lingua castelá |
| Publicado: |
Valladolid
Clares
1981
|
| Edición: | 8a. ed |
| Subjects: | |
| Tags: |
Engadir etiqueta
Sen Etiquetas, Sexa o primeiro en etiquetar este rexistro!
|
MARC
| LEADER | 00000nam a2200000 a 4500 | ||
|---|---|---|---|
| 001 | UCY8220 | ||
| 003 | CL-VaPUC | ||
| 008 | 950703e19810000SP |||||||||||||||||spa|d | ||
| 082 | 0 | 4 | |a 346.07 |b SAN |2 21 |
| 100 | 0 | |a Sánchez Calero, Fernando |e author |9 339466 | |
| 245 | 1 | 0 | |a Instituciones de derecho mercantil |
| 250 | |a 8a. ed | ||
| 300 | |a 652 p | ||
| 942 | |c BK | ||
| 945 | |d 19950703 00:00:00 |a aalvarez | ||
| 260 | |a Valladolid |b Clares |c 1981 | ||
| 650 | 0 | |a Derecho comercial |9 256340 | |
| 583 | |a last modification |c 19950703 00:00:00 |k Rodrigo Vera | ||
| 999 | |c 235496 |d 235494 | ||
| 952 | |0 0 |1 0 |4 0 |6 346_070000000000000_SAN_1981 |7 0 |8 A |9 242972 |a BIBDER |b BIBDER |d 2019-11-18 |i 2008041 |o 346.07 SAN 1981 |p 2008041 |r 2023-01-25 |w 2019-11-18 |y BK |k DER | ||